Planeación estratégica de los recursos humanos
Salvato in:
| Autori principali: | , , |
|---|---|
| Natura: | Libro |
| Lingua: | inglese |
| Pubblicazione: |
Bogotá
Legis
1992
|
| Serie: | Serie empresarial
|
| Soggetti: | |
| Tags: |
Aggiungi Tag
Nessun Tag, puoi essere il primo ad aggiungerne!!
|
MARC
| LEADER | 00000nam a2200000 a 4500 | ||
|---|---|---|---|
| 001 | UCY3039 | ||
| 003 | CL-VaPUC | ||
| 008 | 941206e19920000CK |||||||||||||||||eng|d | ||
| 082 | 0 | 4 | |a 658.301 |b GUE |2 21 |
| 100 | |a Guérin, Guilles |e author |9 331231 | ||
| 700 | 0 | |a Wils, Thierry |e author |9 331232 | |
| 700 | 0 | |a Le Louarn, Jean-Ives |e author |9 331233 | |
| 245 | 1 | 0 | |a Planeación estratégica de los recursos humanos |
| 300 | |a 362 p | ||
| 942 | |c BK | ||
| 945 | |d 19941206 00:00:00 |a mfernand | ||
| 260 | |a Bogotá |b Legis |c 1992 | ||
| 650 | 0 | |a Recursos humanos |9 228420 | |
| 650 | 0 | |a Planificación estratégica |9 259735 | |
| 650 | 0 | |a Administración del personal |9 260442 | |
| 583 | |a last modification |c 19941206 00:00:00 |k Rodrigo Vera | ||
| 490 | 0 | |a Serie empresarial | |
| 999 | |c 231283 |d 231281 | ||
| 952 | |0 0 |1 0 |4 0 |6 658_301000000000000_GUE_1992 |7 0 |8 A |9 234343 |a BIBENE |b BIBENE |d 2019-11-15 |i 3041719 |o 658.301 GUE 1992 |p 3041719 |r 2025-01-15 |w 2019-11-15 |y BK |k ICO | ||